London Stansted Airport Destinations (London, UK) - Statistics

General Stats
  • This quiz has been taken 254 times
    81 since last reset
  • The average score is 136 of 203
Answer Stats
Airline Destination % Correct
Ryanair Berlin
98%
Turkish Airlines Istanbul
98%
AJet/Pegasus Airlines Istanbul (Sabiha Gökçen)
98%
Ryanair Dublin
96%
Ryanair Hamburg
96%
Ryanair Milan (Malpensa)
96%
Jet2.com/Ryanair Naples
96%
Ryanair Oslo
96%
Ryanair Porto
96%
easyJet/Ryanair Edinburgh
93%
easyJet Glasgow
93%
Lurthansa Munich
93%
Ryanair Rome (Ciampino)
93%
Jet2.com Rome (Fiumicino)
93%
Ryanair Sofia
93%
Jet2.com/Ryanair Vienna
93%
easyJet Zürich
93%
Air Algérie Algiers
91%
Jet2.com/Ryanair Alicante
91%
Royal Jordanian Amman (Queen Alia)
91%
Corendon Airlines/Jet2.com/Pegasus Airlines/SunExpress Antalya
91%
Jet2.com/Ryanair Athens
91%
Ryanair Bucharest (Otopeni)
91%
Jet2.com/Ryanair/TUI Airways Corfu
91%
Ryanair Cork
91%
British Airways/easyJet/Jet2.com Geneva
91%
Jet2.com/Pegasus Airlines/SunExpress İzmir
91%
Jet2.com/Ryanair Kraków
91%
Ryanair Lisbon
91%
British Airways/Ryanair Nice
91%
Jet2.com/Ryanair/TUI Airways Palma de Mallorca
91%
Jet2.com/Ryanair Prague
91%
Ryanair Riga
91%
British Airways/easyJet Amsterdam
89%
Ryanair Cologne/Bonn
89%
Ryanair Helsinki
89%
British Airways/Jet2.com/Ryanair Ibiza
89%
Ryanair Madrid
89%
Ryanair Marseille
89%
Ryanair Palermo
89%
Ryanair Stockholm (Arlanda)
89%
Ryanair Stockholm (Västerås)
89%
Ryanair Tirana
89%
Emirates Dubai (International)
87%
Ryanair Podgorica
87%
Jet2.com/Ryanair Thessaloniki
87%
Ryanair Venice
87%
Ryanair Barcelona
85%
easyJet/Ryanair Belfast (International)
85%
Ryanair Bologna
85%
Ryanair Copenhagen
85%
Jet2.com/Ryanair Faro
85%
Ryanair Gdańsk
85%
Jet2.com/Ryanair Málaga
85%
Jet2.com/Play Reykjavík
85%
Jet2.com/Ryanair/TUI Airways Rhodes
85%
Jet2.com/Ryanair Salzburg
85%
Ryanair Tallinn
85%
Jet2.com/Ryanair Tenerife (South)
85%
Ryanair Turin
85%
Ryanair Vilnius
85%
Ryanair Warsaw (Modlin)
85%
Ryanair Zagreb
85%
Ryanair Bari
83%
Ryanair Basel/Mulhouse
83%
Ryanair Bratislava
83%
Ryanair Budapest
83%
Jet2.com/Ryanair Dubrovnik
83%
Ryanair Seville
83%
British Airways/Jet2.com Split
83%
Ryanair Valencia
83%
AJet/Pegasus Airlines Ankara
80%
British Airways Florence
80%
Ryanair Gothenburg
80%
Jet2.com/Ryanair/TUI Airways Gran Canaria
80%
Ryanair Luxembourg
80%
arkia Tel Aviv
80%
Jet2.com/Ryanair Catania
78%
FlyOne/HiSky Chișinău
78%
Jet2.com/TUI Airways Heraklion
78%
Jet2.com/Ryanair Malta
78%
Jet2.com/Ryanair Marrakesh
78%
Jet2.com/Ryanair/SunExpress/TUI Airways Dalaman
76%
Jet2.com/Ryanair Funchal
76%
Ryanair Hahn
76%
Jet2.com/Ryanair Kos
76%
Jet2.com/Ryanair Menorca
76%
Jet2.com/Ryanair/TUI Airways Paphos
76%
Ryanair Toulouse
76%
Ryanair Aarhus
74%
Ryanair Bergamo
74%
Ryanair Poznań
74%
Transavia Rotterdam/The Hauge
74%
Ryanair Sarajevo
74%
Ryanair Shannon
74%
Ryanair Genoa
72%
Jet2.com Larnaca
72%
Ryanair Pisa
72%
Jet2.com/Ryanair Santorini
72%
Jet2.com Tivat
72%
Ryanair Wrocław
72%
Ryanair Brno
70%
Jet2.com/Ryanair Chania
70%
Ryanair Cluj-Napoca
70%
Ryanair Katowice
70%
Jet2.com/Ryanair Lanzarote
70%
Ryanair Nantes
70%
Ryanair Rabat
70%
Ryanair Zadar
70%
Jet2.com/Ryanair/TUI Airways Zakynthos
70%
Jet2.com Burgas
67%
Jet2.com/Ryanair Fuerteventura
67%
Jet2.com/Ryanair Girona
67%
Ryanair Łódź
67%
Jet2.com/Ryanair Verona
67%
Ryanair Almería
65%
Jet2.com/Ryanair Bodrum
65%
Ryanair Eindhoven
65%
Jet2.com/Ryanair Pula
65%
TUI Airways Sharm El Sheikh
65%
Ryanair Trieste
65%
Jet2.com/Ryanair Agadir
63%
Jet2.com/Ryanair Kalamata
63%
Ryanair Kaunas
63%
Jet2.com/Ryanair/TUI Airways Kefalonia
63%
Ryanair Nuremberg
63%
Jet2.com/Ryanair Olbia
63%
Ryanair Plovdiv
63%
Ryanair Rovaniemi
63%
Ryanair Santiago de Compostela
63%
Ryanair Brindisi
61%
Ryanair Cagliari
61%
Ryanair Fès
61%
Aurigny Guernsey
61%
Jet2.com/Ryanair Reus
61%
Ryanair Tangier
61%
Ryanair Bremen
59%
Jet2.com/Ryanair Grenoble
59%
Ryanair Linz
59%
Ryanair Murcia
59%
Ryanair Ostrava
59%
Ryanair Rijeka
59%
Pegasus Airlines/SunExpress Gaziantep
57%
Ryanair Karlsruhe/Baden-Baden
57%
Ryanair Knock
57%
Ryanair Lamezia Terme
57%
Ryanair Zaragoza
57%
Ryanair Ponta Delgada
54%
Jet2.com Samos
54%
Jet2.com Skiathos
54%
Ryanair Ancona
52%
Ryanair Bydgoszcz
52%
Ryanair Kerry
52%
Jet2.com La Palma
52%
Ryanair Memmingen
52%
Jet2.com/Ryanair Preveza/Lefkada
52%
Ryanair Szczecin
52%
SunExpress Adana/Mersin
50%
Ryanair Košice
50%
Ryanair Santander
50%
Ryanair Alghero
48%
Jet2.com Jerez de la Frontera
48%
Ryanair Rimini
48%
Ryanair Biarritz
46%
Ryanair Carcassonne
46%
TUI Airways Kittilä
46%
Ryanair Perugia
46%
Ryanair Rzeszów
46%
Ryanair Salerno
46%
Ryanair Palanga
43%
Ryanair Trapani
43%
British Airways Calvi
41%
Pegasus Airlines/SunExpress Kayseri
41%
Ryanair La Rochelle
41%
Jet2.com/TUI Airways Chambéry
39%
TUI Airways Enfidha
39%
Ryanair Münster/Osnabrück
39%
Ryanair Newquay
39%
Ryanair Pescara
39%
British Airways/Ryanair Bergerac
37%
Ryanair Perpignan
37%
Ryanair Lourdes
35%
Ryanair Klagenfurt
33%
Ryanair Osijek
33%
Ryanair Essaouira
30%
Ryanair Béziers
28%
Ryanair Castellón
28%
Ryanair Lübeck
28%
Ryanair Reggio Calabria
28%
Ryanair Limoges
26%
Ryanair Poprad (Tatry)
26%
Ryanair Sandefjord
26%
Jet2.com Mytilene
24%
Ryanair Clermont-Ferrand
22%
HiSky Oradea
20%
Ryanair Poitiers
20%
Ryanair Tours
17%
Ryanair Nimes
15%
Ryanair Örebro
15%
Ryanair Brive
13%
Ryanair Ouarzazate
11%
Ryanair Rodez
11%
Ryanair Olsztyn-Mazury
9%
No matching quizzes found
Score Distribution
Percent of People with Each Score
Percentile by Number Answered
Your Score History
You have not taken this quiz since the last reset